Normal view
MARC view
Entry Corporate Name
001 - CONTROL NUMBER
- control field: 3237
003 - CONTROL NUMBER IDENTIFIER
- control field: dpl
005 - DATE AND TIME OF LATEST TRANSACTION
- control field: 20100731133613.0
008 - FIXED-LENGTH DATA ELEMENTS
- fixed length control field: 100731|||a|||||| | ||| d
040 ## - CATALOGING SOURCE
- Original cataloging agency: dpl
- Transcribing agency: dpl
110 ## - HEADING--CORPORATE NAME
- Corporate name or jurisdiction name as entry element: Wadia Institute of Himalayan Geology.
670 ## - SOURCE DATA FOUND
- Source citation: Work cat.: (dpl)21738: Himalayan geology., 1971-
670 ## - SOURCE DATA FOUND
- Source citation: Work cat.: (dpl)21738: Himalayan geology., 1971-
